Legal & regulatory aspects of banking : (Record no. 19632)

MARC details
000 -LEADER
fixed length control field 01033nam a22002537a 4500
008 - FIXED-LENGTH DATA ELEMENTS--GENERAL INFORMATION
fixed length control field 081210t xxu||||| |||| 00| 0 eng d
010 ## - LCCN (DPL NO)
LC control number ENG-92098
020 ## - INTERNATIONAL STANDARD BOOK NUMBER
International Standard Book Number 0230636101
Terms of availability 365.00
020 ## - INTERNATIONAL STANDARD BOOK NUMBER
International Standard Book Number 9780230636101
Terms of availability 365.00
035 ## - SYSTEM CONTROL NUMBER
System control number EN-75631
037 ## - SOURCE OF ACQUISITION
Source of stock number/acquisition DBAD / PUB
040 ## - CATALOGING SOURCE
Original cataloging agency dpl
Language of cataloging English
082 ## - DEWEY DECIMAL CLASSIFICATION NUMBER
Classification number 346.54082
245 ## - TITLE STATEMENT
Title Legal & regulatory aspects of banking :
Remainder of title (for JAIIB/Diploma in banking & finance examination) /
Statement of responsibility, etc by Indian Institute of Banking & Finance
250 ## - EDITION STATEMENT
Edition statement 2nd ed
260 ## - PUBLICATION, DISTRIBUTION, ETC. (IMPRINT)
Place of publication, distribution, etc New Delhi
Name of publisher, distributor, etc Macmillan India
Date of publication, distribution, etc 2008(repr.)
270 ## - ADDRESS
Address 2/10, Ansar Road, Daryaganj,
City New Delhi
Postal code 110002
300 ## - PHYSICAL DESCRIPTION
Extent xiii, 476p.
Dimensions 24cm (pbk)
500 ## - GENERAL NOTE
General note Includes bibliographical references
650 ## - SUBJECT ADDED ENTRY--TOPICAL TERM
Topical term or geographic name as entry element Banking law
650 ## - SUBJECT ADDED ENTRY--TOPICAL TERM
Topical term or geographic name as entry element Banks and banking
General subdivision Law and legislation
942 ## - ADDED ENTRY ELEMENTS (KOHA)
Source of classification or shelving scheme Dewey Decimal Classification
Item type English Books
Call number suffix LEG
Classification part 346.54082
Holdings
Withdrawn status Lost status Source of classification or shelving scheme Damaged status Not for loan Collection code Home library Current library Date acquired Source of acquisition Cost, normal purchase price Total Checkouts Full call number Barcode Date last seen Copy number Cost, replacement price Koha item type
    Dewey Decimal Classification   Not For Loan Non-fiction D.B.Act.Division D.B.Act.Division 10/12/2008 DBAD / PUB 365.00   346.54082 LEG EN-75631 10/12/2008 1 365.00 English Books

© Delhi Public Library
Hit Counter
free hit counter